Few winners in the Homebase crusade (Record no. 72271)
[ view plain ]
| 000 -LEADER | |
|---|---|
| fixed length control field | 00987cam a2200229 4500 |
| 001 - CONTROL NUMBER | |
| control field | ABS6644 |
| 008 - FIXED-LENGTH DATA ELEMENTS--GENERAL INFORMATION | |
| fixed length control field | 030307n2003 000 0 eng u |
| 035 ## - SYSTEM CONTROL NUMBER | |
| System control number | (Sirsi) u121578 |
| 100 ## - MAIN ENTRY--PERSONAL NAME | |
| Personal name | Jansen, M. |
| 245 ## - TITLE STATEMENT | |
| Title | Few winners in the Homebase crusade |
| 260 ## - PUBLICATION, DISTRIBUTION, ETC. | |
| Date of publication, distribution, etc. | 2003 |
| 490 ## - SERIES STATEMENT | |
| Series statement | Property Week |
| Volume/sequential designation | 68(3) 24 January 2003, 34-35(2) |
| 520 ## - SUMMARY, ETC. | |
| Summary, etc. | Discusses the case "Homebase Ltd and another v Allied Dunbar Assurance plc" (CA Abs65740) over a disputed subletting. Homebase was proved unsuccessful in its attempt to prove that Allied Dunbar had unreasonably withheld consent to the subletting of a retail warehouse in Wolverhampton. The author states that the case reinforced the notion that lease terms rule. |
| 590 ## - LOCAL NOTE (RLIN) | |
| Local note | ABS |
| 650 ## - SUBJECT ADDED ENTRY--TOPICAL TERM | |
| Topical term or geographic name entry element | LEASE TERMS |
| 650 ## - SUBJECT ADDED ENTRY--TOPICAL TERM | |
| Topical term or geographic name entry element | SUBLETTING |
| 650 ## - SUBJECT ADDED ENTRY--TOPICAL TERM | |
| Topical term or geographic name entry element | RETAIL WAREHOUSES |
| 650 ## - SUBJECT ADDED ENTRY--TOPICAL TERM | |
| Topical term or geographic name entry element | SIDE AGREEMENTS |
| 650 ## - SUBJECT ADDED ENTRY--TOPICAL TERM | |
| Topical term or geographic name entry element | HOMEBASE LTD AND ANOTHER V ALLIED DUNBAR ASSURANCE PLC |
| 690 ## - LOCAL SUBJECT ADDED ENTRY--TOPICAL TERM (OCLC, RLIN) | |
| Topical term or geographic name as entry element | LANDLORD AND TENANT-BUSINESS TENANCIES |
| 942 ## - ADDED ENTRY ELEMENTS (KOHA) | |
| Suppress in OPAC | 0 |
| Withdrawn status | Lost status | Source of classification or shelving scheme | Damaged status | Not for loan | Home library | Current library | Shelving location | Date acquired | Total Checkouts | Full call number | Barcode | Date last seen | Copy number | Price effective from | Koha item type |
|---|---|---|---|---|---|---|---|---|---|---|---|---|---|---|---|
| Dewey Decimal Classification | London | London | Journal article | 07/03/2003 | ABS66448 | 121578-1001 | 06/08/2019 | 1 | 06/08/2019 | Journal article |